<?xml version="1.0" encoding="UTF-8"?>
<record
    xmlns:xsi="http://www.w3.org/2001/XMLSchema-instance"
    xsi:schemaLocation="http://www.loc.gov/MARC21/slim http://www.loc.gov/standards/marcxml/schema/MARC21slim.xsd"
    xmlns="http://www.loc.gov/MARC21/slim">

  <leader>04309nam a2200469Ii 4500</leader>
  <controlfield tag="001">DIGBN02632</controlfield>
  <controlfield tag="003">NyNyDIG</controlfield>
  <controlfield tag="006">m     o  d        </controlfield>
  <controlfield tag="007">cr |||||||||||</controlfield>
  <controlfield tag="008">100625s2001    sp ab   ob    001 0 spa d</controlfield>
  <datafield tag="020" ind1=" " ind2=" ">
    <subfield code="z">8470309447</subfield>
  </datafield>
  <datafield tag="020" ind1=" " ind2=" ">
    <subfield code="z">9788470309441</subfield>
  </datafield>
  <datafield tag="035" ind1=" " ind2=" ">
    <subfield code="a">(OCoLC)606976497</subfield>
  </datafield>
  <datafield tag="040" ind1=" " ind2=" ">
    <subfield code="a">DGITA</subfield>
    <subfield code="b">eng</subfield>
    <subfield code="e">pn</subfield>
    <subfield code="c">DGITA</subfield>
  </datafield>
  <datafield tag="043" ind1=" " ind2=" ">
    <subfield code="a">cl-----</subfield>
    <subfield code="a">e-sp---</subfield>
  </datafield>
  <datafield tag="050" ind1="1" ind2="4">
    <subfield code="a">F1411 eBook</subfield>
  </datafield>
  <datafield tag="100" ind1="1" ind2=" ">
    <subfield code="a">Morales Folguera, Jos&#xE9; Miguel.</subfield>
  </datafield>
  <datafield tag="245" ind1="1" ind2="3">
    <subfield code="a">La construcci&#xF3;n de la utop&#xED;a :</subfield>
    <subfield code="b">el proyecto de Felipe II (1556-1598) para Hispanoam&#xE9;rica /</subfield>
    <subfield code="c">Jos&#xE9; Miguel Morales Folguera ; pr&#xF3;logo de Ram&#xF3;n Guti&#xE9;rrez.</subfield>
  </datafield>
  <datafield tag="264" ind1=" " ind2="1">
    <subfield code="a">Madrid :</subfield>
    <subfield code="b">Biblioteca Nueva ;</subfield>
    <subfield code="a">M&#xE1;laga : Universidad de M&#xE1;laga,</subfield>
    <subfield code="c">c2001.</subfield>
  </datafield>
  <datafield tag="300" ind1=" " ind2=" ">
    <subfield code="a">1 online resource (269 pages) :</subfield>
    <subfield code="b">ill., maps</subfield>
  </datafield>
  <datafield tag="336" ind1=" " ind2=" ">
    <subfield code="a">text</subfield>
    <subfield code="b">txt</subfield>
    <subfield code="2">rdacontent</subfield>
  </datafield>
  <datafield tag="337" ind1=" " ind2=" ">
    <subfield code="a">computer</subfield>
    <subfield code="b">c</subfield>
    <subfield code="2">rdamedia</subfield>
  </datafield>
  <datafield tag="338" ind1=" " ind2=" ">
    <subfield code="a">online resource</subfield>
    <subfield code="b">cr</subfield>
    <subfield code="2">rdacarrier</subfield>
  </datafield>
  <datafield tag="490" ind1="1" ind2=" ">
    <subfield code="a">[Colecci&#xF3;n Historia Biblioteca Nueva]</subfield>
  </datafield>
  <datafield tag="504" ind1=" " ind2=" ">
    <subfield code="a">Includes bibliographical references (p. [243]-254) and indexes.</subfield>
  </datafield>
  <datafield tag="505" ind1="0" ind2=" ">
    <subfield code="a">Pr&#xF3;logo / Ram&#xF3;n Guti&#xE9;rrez -- Introducci&#xF3;n -- I. Las ordenanzas de Felipe II: Antecedentes -- La &#xE9;poca de Felipe II (1556-1598) --Nuevas Ordenanzas de Descubrimiento, Poblaci&#xF3;n y Pacificaci&#xF3;n de las Indias, 13 de julio de 1573 -- Ordenanzas para la formaci&#xF3;n del libro de las Descripciones de Indias, 3 de julio de 1573 -- Cuestionarios -- Relaciones Geogr&#xE1;ficas -- II. La iglesia indiana. Evangelizaci&#xF3;n y civilizaci&#xF3;n: El Patronato Regio -- Estructura eclesi&#xE1;stica -- Las &#xF3;rdenes mendicantes -- La funci&#xF3;n civilizadora de las &#xF3;rdenes religiosas -- III. La rep&#xFA;blica de los espa&#xF1;oles y la rep&#xFA;blica de los indios: Or&#xED;genes y morfolog&#xED;a de la ciudad hispanoamericana -- Ciudades de espa&#xF1;oles -- Nueva Espa&#xF1;a -- Per&#xFA; -- Pueblos de indios -- Proceso de creaci&#xF3;n y establecimiento -- Morfolog&#xED;a y elementos principales -- Ejemplos seleccionados de Nueva Espa&#xF1;a -- Pueblos de indios de la zona andina -- Creaciones ut&#xF3;picas -- IV. La imagen de la ciudad y del territorio: El proyecto cartogr&#xE1;fico de Felipe II -- Los planos de las Relaciones Geogr&#xE1;ficas -- Clasificaci&#xF3;n de Donald Robertson -- Clasificaci&#xF3;n de Alexander M. Tait -- Clasificaci&#xF3;n de Barbara E. Mundy -- Estudios realizados por escritores espa&#xF1;oles -- Planos de autores espa&#xF1;oles -- Nueva Espa&#xF1;a -- Grupo de planos n&#xE1;uticos -- Per&#xFA; -- Planos de planta de ciudades -- Planos de planta de ciudades que incluyen planos regionales -- Planos regionales -- Planos de autores ind&#xED;genas -- V. Relaciones geogr&#xE1;ficas: esquemas y selecci&#xF3;n de textos transcritos: Virreinato de Nueva Espa&#xF1;a -- Pueblos castellanos -- Audiencia de M&#xE9;xico -- Arzobispado de M&#xE9;xico -- Obispado de Michoac&#xE1;n -- Obispado de Tlaxcala -- Obispado de Antequera (Oaxaca) -- Obispado de Yucat&#xE1;n -- Audiencia de Nueva Galicia -- Obispado de Guadalajara -- Virreinato del Per&#xFA; -- Audiencia de la Espa&#xF1;ola -- Arzobispado de Santo Domingo -- Obispado de Venezuela -- Audiencia de Nueva Granada -- Arzobispado de Santa Fe de Bogot&#xE1; -- Audiencia de Quito -- Obispado de Quito -- Audiencia de los Reyes -- Arzobispado de Lima -- Obispado de Cuzco -- Audiencia de Charcas -- Obispado de Tucum&#xE1;n - Bibliograf&#xED;a: Arte y arquitectura en Hispanoam&#xE9;rica -- Historia general -- Historia de la Iglesia en Hispanoam&#xE9;rica -- Cr&#xF3;nicas de Indias y estudios relacionados con ellas -- Relaciones Geogr&#xE1;ficas y estudios relacionados - &#xCD;ndice onom&#xE1;stico -- &#xCD;ndice topon&#xED;mico.</subfield>
  </datafield>
  <datafield tag="600" ind1="0" ind2="0">
    <subfield code="a">Philip</subfield>
    <subfield code="b">II,</subfield>
    <subfield code="c">King of Spain,</subfield>
    <subfield code="d">1527-1598.</subfield>
  </datafield>
  <datafield tag="650" ind1=" " ind2="0">
    <subfield code="a">Cities and towns</subfield>
    <subfield code="z">Latin America</subfield>
    <subfield code="x">History</subfield>
    <subfield code="y">16th century.</subfield>
  </datafield>
  <datafield tag="651" ind1=" " ind2="0">
    <subfield code="a">Latin America</subfield>
    <subfield code="x">History</subfield>
    <subfield code="y">16th century.</subfield>
  </datafield>
  <datafield tag="651" ind1=" " ind2="0">
    <subfield code="a">Spain</subfield>
    <subfield code="x">Colonies</subfield>
    <subfield code="z">America</subfield>
    <subfield code="x">Administration.</subfield>
  </datafield>
  <datafield tag="651" ind1=" " ind2="0">
    <subfield code="a">Latin America</subfield>
    <subfield code="x">History</subfield>
    <subfield code="y">16th century</subfield>
    <subfield code="v">Sources</subfield>
    <subfield code="v">Bibliography.</subfield>
  </datafield>
  <datafield tag="651" ind1=" " ind2="0">
    <subfield code="a">Latin America</subfield>
    <subfield code="x">Historical geography.</subfield>
  </datafield>
  <datafield tag="651" ind1=" " ind2="0">
    <subfield code="a">Latin America</subfield>
    <subfield code="x">Historical geography</subfield>
    <subfield code="v">Maps.</subfield>
  </datafield>
  <datafield tag="651" ind1=" " ind2="0">
    <subfield code="a">Latin America</subfield>
    <subfield code="x">Race relations.</subfield>
  </datafield>
  <datafield tag="655" ind1=" " ind2="0">
    <subfield code="a">Electronic books.</subfield>
  </datafield>
  <datafield tag="791" ind1="2" ind2=" ">
    <subfield code="a">Digitalia (Firm),</subfield>
    <subfield code="e">distributor.</subfield>
  </datafield>
  <datafield tag="830" ind1=" " ind2="0">
    <subfield code="a">Colecci&#xF3;n Historia (Biblioteca Nueva (Firm)).</subfield>
  </datafield>
  <datafield tag="793" ind1="0" ind2=" ">
    <subfield code="g">Digitalia eBook Collection:</subfield>
    <subfield code="a">Biblioteca Nueva</subfield>
  </datafield>
  <datafield tag="856" ind1="4" ind2="0">
    <subfield code="3">Digitalia Hisp&#xE1;nica</subfield>
    <subfield code="u">https://www.digitaliapublishing.com/a/3961/</subfield>
  </datafield>
  <datafield tag="910" ind1=" " ind2=" ">
    <subfield code="a">Premium Collection: 2007-2012</subfield>
  </datafield>
  <datafield tag="942" ind1=" " ind2=" ">
    <subfield code="c">RAA</subfield>
  </datafield>
  <datafield tag="952" ind1=" " ind2=" ">
    <subfield code="0">0</subfield>
    <subfield code="1">0</subfield>
    <subfield code="4">0</subfield>
    <subfield code="7">0</subfield>
    <subfield code="8">DEH</subfield>
    <subfield code="a">BD-UIN</subfield>
    <subfield code="b">BD-UIN</subfield>
    <subfield code="d">2025-04-25</subfield>
    <subfield code="l">0</subfield>
    <subfield code="r">2025-04-25</subfield>
    <subfield code="w">2025-04-25</subfield>
    <subfield code="y">RAA</subfield>
  </datafield>
  <datafield tag="999" ind1=" " ind2=" ">
    <subfield code="c">230766</subfield>
    <subfield code="d">230766</subfield>
  </datafield>
</record>
